Hunger Games or Harry Potter Quiz Stats

Quiz not verified by Sporcle

Challenge
Share
Tweet
Embed
Score 0/10 Timer 05:00
0 Plays Today
% Correct
harry potter
100%
harry potter
100%
harry potter
99.8%
harry potter
99.8%
harry potter
99.8%
the hunger games
77%
the hunger games
77%
the hunger games
77%
the hunger games
77%
the hunger games
77%

You're not logged in!

Compare scores with friends on all Sporcle quizzes.
Sign Up with Email
OR
Log In

You Might Also Like...

Show Comments

Extras

Top Quizzes Today


Score Distribution

Your Account Isn't Verified!

In order to create a playlist on Sporcle, you need to verify the email address you used during registration. Go to your Sporcle Settings to finish the process.